Las utopías de lo cotidiano
Պահպանված է:
| Ձևաչափ: | Տեքստ |
|---|---|
| Խորագրեր: | |
| Ցուցիչներ: |
Ավելացրեք ցուցիչ
Չկան պիտակներ, Եղեք առաջինը, ով նշում է այս գրառումը!
|
MARC
| LEADER | 00000 a a2200000 04500 | ||
|---|---|---|---|
| 001 | 4853 | ||
| 003 | |||
| 040 | |||
| 245 | |a Las utopías de lo cotidiano | ||
| 650 | |a ECOLOGIA | ||
| 650 | |a SOCIEDAD | ||
| 650 | |a JUVENTUD | ||
| 650 | |a ARGENTINA | ||
| 773 | |g volumen 1, número 7; páginas 38-41 | ||
| 999 | |c 27635 |d 27635 | ||
